| 000 | 00602nam a22002297a 4500 | ||
|---|---|---|---|
| 001 | 29707 | ||
| 003 | UA-OsUOA | ||
| 005 | 20240531152729.0 | ||
| 007 | ta | ||
| 008 | 20041025b un ||||| |||| 00| 0 ukr d | ||
| 040 |
_aUA-OsUOA _bukr _cUA-OsUOA _dUA-OsUOA |
||
| 041 | _aukr | ||
| 044 | _aUA | ||
| 080 | _a82.09(477) | ||
| 090 |
_a82.09(477) _bС73 |
||
| 245 |
_aСпогади про Тараса Шевченка _cупоряд. В. С. Бородіна, М. М. Павлюка |
||
| 260 |
_aКиїв _bДніпро _c1982 |
||
| 300 | _a547 с. | ||
| 650 | 7 | _2UDC | |
| 942 |
_cBK _2udc |
||
| 955 | _a0 | ||
| 999 |
_c316103 _d316103 |
||